[Event "Geller Memorial"]
[Site "Odessa UKR"]
[Date "2006.07.04"]
[Round "7"]
[White "Lautier, Joel"]
[Black "Zhukova, Natalia"]
[Result "1-0"]
[WhiteElo "2682"]
[BlackElo "2425"]
[EventDate "2006.07.02"]
[PlyCount "65"]
[EventType "tourn (rapid)"]
[EventRounds "9"]
[EventCountry "UKR"]
[EventCategory "12"]
[Source "ChessBase"]
[SourceDate "2006.09.14"]
[WhiteTeamCountry "TUR"]
[BlackTeamCountry "SWE"]

1. d4 e6 2. c4 d5 3. Nc3 c6 4. e4 Bb4 5. cxd5 exd5 6. e5 Ne7 7. Nf3 O-O 8.
 Be2 Ng6 9. O-O Na6 10. a3 Be7 11. Be3 Nc7 12. Ne1 Nh4 13. f4 Nf5 14. Bf2 
b6 15. Nf3 c5 16. Kh1 h5 17. Qd2 g6 18. Bd3 Nh6 19. dxc5 bxc5 D {What a 
master notices first when he looks at this position is Black's porous
kingside. But he also sees that Black is about to trim down White's attack
force
with . . . Bf5xd3 . That suggests White should consider an f4-f5 
sacrifice.
But 20 f5 Nxf5 has no follow-up move of significance. A master can stop
there and dismiss 20 f5?.
White was loyal to the idea of f4-f5. It works so often in similar 
positions
that a master wouldn't walk away from it here.
What if White has greater control of f5? So, a master tries to figure out 
how
to get his knight to d4. He sees} 20. b4 cxb4 21. axb4 Bxb4 22. Nd4 D {You
can see that in addition to the now-stronger 4 f5 White has the
possibility of Nc6. The knight fork wouldn't win material by force because
Black can reply Bxc3 . However, White has more obvious compensation
after Qxc3 - control of dark squares, two bishops. Moreover, he can also
regain his pawn immediately by taking on a7 as soon as Black moves his
attacked queen.
A master would conclude that Black has to spend a tempo to anticipate
Nc6, say with} 22. ... Bd7 {This means White has a better chance to push 
the f-pawn} 23. f5 Ng4? ( 23. ... Nxf5 24. Bxf5 Bxf5 25. Nxf5 gxf5 {
Black's kingside is broken up but is it worth two pawns? White concluded 
it
was when he saw  Bd4 ! . That opens up the f-file and protects the knight 
at c3 .} 26. Bd4 ) 24. Bg3 Kg7 25. h3! Ne3 ( 25. ... Nh6 26. e6! fxe6 27. 
Be5+ Kh7 28. fxg6+ Kg8 29. Qxh6 +- ) 26. Qxe3 Bxc3 27. Rac1 Bxd4 28. Qxd4 
D {Amateurs are often amazed when a position like this comes about. "Did
White see this position when he played 4 f5? When he played l b4?"
No, of course not. What was crucial is that he saw the compensation in the
first pawn sacrifice and the possibility of f4-f5 after 3 tt)d4.
This position in the diagram is won, thanks to threats such as 20 e6+,
followed by 21 exd7 or 21 Bxc7 as well as 20 Bh4 followed by 21 Bxd8 or 
Bf6+.} 28. ... Kh7 29. e6! Nxe6 ( 29. ... fxe6 30. Bxc7 ) 30. fxe6 Bxe6 
31. Rf6 Rc8 32. Rcf1 Qe7 33. Qe5 {This is the kind of game worth your 
time. There are a lot more. Thanks to
computers it's much easier today to get quick access to hundreds of 
sacrifices
for your training. Pawn sacks, double-pawn sacks, and so on.
You can examine piece sacrifices in general or look specifically at, for
example, games with a knight sack on e6 or d5 in a Sicilian Defense. Or 
when
White gives up a bishop or knight on b5, again in a Sicilian. And, of 
course,
there is Black's . . . Rxc3 sacrifice in the Sicilian, perhaps the most 
common and
copied offer of the Exchange in modem chess. There's a mountain of study
material out there for the would-be master.} 1-0

[Event "Dos Hermanas"]
[Site "Dos Hermanas ESP"]
[Date "1994.??.??"]
[Round "8"]
[White "Topalov, Veselin"]
[Black "Gulko, Boris F"]
[Result "1-0"]
[WhiteElo "2640"]
[BlackElo "2615"]
[EventDate "1994.04.??"]
[Annotator "Hansen,Cu"]
[EventType "tourn"]
[EventRounds "9"]
[EventCountry "ESP"]
[EventCategory "16"]
[Source "ChessBase"]
[SourceDate "2004.01.01"]
[WhiteTeamCountry "FIN"]
[BlackTeamCountry "SWE"]

{Counter-Sacrifice

It's not just the sacrificer who must understand compensation. It's his
opponent as well. Often an opponent can seize the opportunity to 
countersacrifice
provided he gets enough of his own compensation.

Let's examine a game with sacrificial offers back and forth. But we'll 
start
with the bare game score. Play these moves over before going on.} 
1. e4 e6 2. d4 d5 3. Nc3 Bb4 4. e5 c5 5. a3 Bxc3+ 6. bxc3 Ne7 7. Nf3 b6 8.
 Bb5+ Bd7 9. Bd3 Ba4 10. h4 ( 10. O-O Nbc6 ( 10. ... c4 11. Be2 h6 ( 
11. ... Nbc6 12. Ng5 h6 13. Nh3 Kd7 14. Nf4 g6 15. Re1 Kc7 16. Bg4 += {
Johansson,M-Kroll,O/ SWE-DEN/1990/} ) 12. Re1 Nbc6 13. Nd2 Qd7 14. Nf1 
O-O-O 15. Ng3 g6 = {Zadrima, A-Antonsen,M/Forli open/1991/} ) ( 10. ... 
Qc7 11. Ng5 h6 12. Nh3 Nd7 13. Nf4 ( 13. Be3 Qc6 14. Rb1 a6 15. Rb2 Bb5 
16. dxc5 bxc5 17. Qb1 O-O 18. Bxb5 axb5 19. Rxb5 Rxa3 -/+ {
Nijboer,F-Brenninkmeijer,J/NLD-ch/1992/} ) 13. ... O-O-O ~ {Stepanov, 
P-Shtirenkov,V/Budapest/1991/} ) 11. Re1 Qd7 12. dxc5 bxc5 13. Be3 c4 14. 
Bf1 Rb8 = {Wedberg,T-Short,N/Dortmund/1983/} ) ( 10. dxc5 bxc5 11. O-O c4 
12. Be2 Ng6 13. Ng5 Nxe5 14. f4 â†’ {Nunn,J-Nikolic,P/Beograd/1991/} ) 
10. ... h6 11. h5 Qc7 ( 11. ... Nbc6 12. Rh4 ( 12. g3 Rc8 13. Be3 Na5 14. 
O-O Qd7 15. Nh4 Bb5 16. Qg4 += {Dolmatov,S-Dokhoian,Y/Irkutsk/1986/} ) 
12. ... c4 13. Bf1 ( 13. Be2 Kd7 14. Be3 Qg8 15. Qd2 Qh7 16. Rc1 Kc7 17. 
Rf4 Raf8 18. Nh4 Nd8 19. Bg4 Kb7 = {Sokolov,A-Yusupov,A/Riga (m)/1986} ) 
13. ... Kd7 14. Rf4 Qg8 15. g3 Qh7 16. Ra2 g5 17. hxg6 fxg6 18. Nh2 += {
Mortensen,E-Sorensen,J/Aarhus/1993/} ) ( 11. ... c4 12. Be2 ( 12. Bf1 Nbc6
13. g3 Kd7 14. Bh3 Qg8 15. O-O Qh7 16. Ra2 += {Anand, 
V-Quillan,G/Prestwich/1990/} ) 12. ... Kd7 13. Nh4 ( 13. O-O Qg8 14. g3 
Qh7 15. Ra2 Na6 16. Nh4 Raf8 = {Dolmatov,S-Hansen,LB/Polanica Zdroj/1993/}
) 13. ... Qg8 14. Bg4 Qh7 15. Ra2 Na6 16. Rh3 Nc7 17. Kf1 Raf8 =+ {
Georgiev,Ki-Yusupov,A/Las Palmas/1993/} ) 12. O-O ( 12. Bf4 Nd7 13. Qd2 
O-O-O 14. O-O Kb7 ~ {Bologan, V-Hertneck,G/BL/1994/} ) ( 12. g3 cxd4 13. 
cxd4 Qc3+ 14. Bd2 Qxd3 15. cxd3 Bxd1 16. Kxd1 Nbc6 =+ {
Lau,R-Hansen,LB/Copenhagen Chess Cup/1992/} ) ( 12. Rb1!? {Knaak} 12. ... 
Nd7 13. Rh4 cxd4 14. cxd4 Rc8 15. Rb2 Qc3+ 16. Kf1 f5 17. exf6 Nxf6 18. 
Qe2 Ne4 ~ {Yudasin,L-Casper,T/Leipzig/1986/} ) 12. ... Nd7 ( 12. ... c4 
13. Be2 Nbc6 ( 13. ... Nd7 14. g3 O-O-O 15. Nh4 Kb7 16. Bg4 Qc6 17. Re1 
Rdg8 ~ {Tischbierek,R-Kindermann,S/BW/1992/} ) 14. g3 ( 14. Re1 O-O-O 15. 
Bf1 Rdg8 16. Nh2 Kb7 = {Kuczynski,R-Hansen,LB/Groningen open/1988/} ) 
14. ... O-O-O 15. Nh4 Rdg8 16. Bg4 += {Ehlvest,J-Yusupov,A/USSR/1988/} ) (
12. ... Nbc6 13. Rb1 ( 13. Re1 c4 14. Bf1 O-O-O 15. Nh2 += {
Spassky,B-Short,N/London/1982/} ) 13. ... c4 14. Be2 O-O-O 15. Nh4 f6 16. 
exf6 gxf6 17. Bg4 += {Gavilanes,A-Pecorelli Garcia,H/ Cuba ch/1989/} ) 13.
 Re1 ( 13. Bd2 O-O-O ( 13. ... a6!? {Knaak} ) 14. Qb1 Nc6 15. Bb5 Bxb5 16.
 Qxb5 Na5 =+ {Pliester,L-Kindermann,S/Aruba/1992/} ) 13. ... Qc6 {/\Bb5} (
13. ... O-O-O 14. Nh4 Kb7 15. Ra2 Qc6 ~ {Dolmatov,S-Nikolic,P/Moscow 
GMA/1990/} ( 15. ... Qc6 {Knaak} 16. Qg4 Rdg8 17. Rb2 g5 18. Nf3 c4 19. 
Bf1 Rf8 ~ {Dolmatov,S-Nikolic,P/Moscow/1990/} ) ) 14. Rb1 a6 {/\Bb5} 15. 
Nd2 cxd4?! ( 15. ... Bb5?! 16. c4 ( 16. Bxb5 axb5 17. Qe2 ( 17. Qg4 Nf5 = 
) 17. ... Ra5 18. Nb3 Ra4 = ) 16. ... dxc4 17. Be4 ( 17. Nxc4 {Knaak} 
17. ... Bxc4 18. Bxc4 cxd4 19. Qxd4 Nf5 ~ ) ( 17. Bxc4 Bxc4!? ( 17. ... 
cxd4 18. Bxb5 axb5 19. Nf3 += ) 18. Nxc4 Nf5 19. dxc5 Qxc5 ~ ) 17. ... Nd5
18. a4 Bxa4 19. Nxc4 â†’ ) ( 15. ... O-O 16. Qg4 Kh8 17. c4 cxd4 18. cxd5 
Nxd5 19. Bb2 = ) 16. cxd4 Bb5 D {Confusing right? Without explanations of 
the moves, this game remains a
mysterious, fascinating mess. This is where good annotations reward the
student.

We' ll start here. Black has just retreated his well-placed bishop from a4
to
b5 . Why?
Once again it's a matter of targets. He doesn't want his kingside to come
under fire from White's queen and bishops - as it would after

However, those variations dido ' t discourage White from sacrificing. 
White
appreciated that his light-squared bishop has a lot more to do than his 
QR. That
explains} ( 16. ... O-O 17. Nb3 Rfc8 18. Qg4 ) 17. Rxb5! ( 17. Bxb5 axb5 
18. Qe2 Qxc2 19. Rxb5 O-O = ) ( 17. a4 Bxa4 ( 17. ... Bxd3 18. cxd3 {
because his
c2 target disappears.} ) 18. Ba3 Qc3! {threatens both 19 . . . Qxa3 and 
the queen-trading 19 . . . Qxd3 ! .} ) 17. ... axb5 18. Qe2 D {How risky 
is this? When you look at the coming .Bxb5, the answer is not
much. If White gets to capture on b5 he will nearly have material 
equality.
In addition, he has good squares for his pieces after, say, 18 . . . 0-0 
19 Bxb5
Qc7 20 .Nb3 followed by 21 a4 and 22 Ba3 . Black's rooks wouldn't have an
open file ( ' The rooks can't behave like rooks').
This helps explain why Black replied} 18. ... Ra4! {It's an ideal 
counterÂ­
sacrifice. The material equality of 19 .Bxb5 Qxc2 20 Bxa4 Qxa4 is fine for
him.
And when White refused to accept the counter-sack, with} ( 18. ... Qc3 19.
 Nb3 Rc8 ( 19. ... Nc6 20. Bd2 Qb2 21. Qg4 â†’ Qxa3 22. Bxb5 Ncb8 23. Ra1 
Qxa1+ 24. Nxa1 Rxa1+ 25. Kh2 Kf8 26. Bb4+ Kg8 27. Qh4 +- ) 20. Bd2 Qb2 {
Bulletin} 21. Bb4! {CH} 21. ... Nc6 22. Bd6 ( 22. Qg4!? Nxb4 23. axb4 ( 
23. Qxg7? Nxd3 -+ ) 23. ... O-O 24. Re3 â†’ ) 22. ... Nxd4?! ( 22. ... Na5
23. Qg4 Rg8 24. Nxa5 bxa5 25. Bh7 +- ) 23. Qg4 {Knaak} 23. ... Nxc2 24. 
Qxg7 Rf8 25. Bxb5 Kd8 26. Bxf8 +- ) ( 18. ... b4?! {Knaak} 19. axb4 Qc3 
20. Nb3! Qxb4 21. Bd2 =/& ) ( 18. ... Nc8?! {Knaak} 19. Qg4 O-O 20. Re3 f5
( 20. ... Kh8 21. Rg3 Rg8 22. Ne4 â†’ ) 21. exf6 Rxf6 22. Rg3 Rf7 23. Qg6 
â†’ ) ( 18. ... O-O! {Knaak} 19. Bxb5 Qc7 = ) 19. Nb3! {Black
insisted with} ( 19. Bxb5 Qxc2 {Knaak} 20. Bxa4 Qxa4 -/+ ) 19. ... Rc4! {
It's easy to see how well Black stands after 20 Bxc4? bxc4.
But White wasn't done. He ignored the rook once more and played} 20. Bd2 D
{His idea is to continue 21 Bb4 and 22 c3. Then his least useful piece 
will be
his knight and he can get rid of it profitably with Nd2 and Nxc4 For 
example,
20 . . . 0-0? 21 Bb4 Re8 22 c3 and 23 Nd2. Black can't counter-sacrifice 
with
22 . . Rxc3 because of 23 Bxb5 ! .
From the diagram, play continued} 20. ... Nf5! ( 20. ... O-O 21. Bb4 Re8 
22. c3 += {/\Nd2} ) 21. Bb4! {>< Ke8, >< Rh8, /\ c2-c3, Nd2xc4

and not 21 c3? 0-0
when Black's king is safe and he would stand well} 21. ... Nxd4 22. Nxd4 
Rxd4 23. Bxb5 Qc8 {/\Re4
White's bishops are impressive but his chances seem doubtful in view of
24 Bd6 Re4 followed by 25 Qd2 Rxe1 + and . . . Qxc2. Then Black can begin 
to
squeeze out of the pressure with . . Kd8 or . . .Qe4.} 24. Rd1! {Instead, 
Black made one more Exchange sacrifice,
made White's compensation clearer. After} 24. ... Rxb4?! ( 24. ... Rxd1+ 
25. Qxd1 Qc7 ( 25. ... f5 {Knaak} 26. exf6 gxf6 27. Qg4 +- ) 26. Bd6! ( 
26. c3 {/\Qa4} 26. ... Kd8 ~ ) ( 26. f4 Kd8 ~ ) 26. ... Qc8 27. c4! +- ) 
25. axb4 Qc3 {to stop c2-c4. But there was another target, at g7.} ( 
25. ... O-O 26. c4 +/- ) 26. Qg4! Qxe5 27. c4! {Black's position was too 
loose,} 27. ... f5 ( 27. ... Ke7 28. cxd5 Nf6 29. Qxg7 Rg8 30. d6+! Qxd6 
31. Qxf6+ Kxf6 32. Rxd6 +- ) 28. Qg6+ Ke7 29. cxd5 exd5 30. Bxd7 Kxd7 31. 
Qf7+ Kc8 ( 31. ... Kc6 32. b5+ Kc5 33. Qd7 +/- ) 32. Qa7 +- Re8 33. Rc1+ 
Kd8 34. Qb7 1-0

[Event "Kislovodsk"]
[Site "Kislovodsk"]
[Date "1968.??.??"]
[Round "13"]
[White "Ignatiev, Felix N"]
[Black "Bronstein, David I"]
[Result "0-1"]
[WhiteElo "2530"]
[BlackElo "2635"]
[EventDate "1968.09.??"]
[PlyCount "82"]
[EventType "tourn"]
[EventRounds "15"]
[EventCountry "URS"]
[Source "ChessBase"]
[SourceDate "1999.07.01"]
[WhiteTeamCountry "BRA"]
[BlackTeamCountry "ENG"]

1. c4 f5 2. Nf3 Nf6 3. g3 d6 4. d4 c6 5. Nc3 Qc7 6. Bg2 e5 7. dxe5 dxe5 8.
 O-O Bb4 9. Bd2 e4 10. Nd4 Na6 11. Rc1 O-O 12. a3 Bc5 13. Bf4 Qf7 14. b4 
Bb6 15. c5 Bc7 16. e3 Bxf4 17. gxf4 Be6 18. Nxe6 Qxe6 19. Ne2 Rad8 20. Nd4
Qf7 D {What do you think of Qe2?. It prevents . . . Qh5/ . . . Ng4/ . . . 
Rh6 and prepares for b4-b5

----------

Qe2? is a mistake because it allowed a ' must-be-sound' sacrifice,
Rd4! 22 exd4 Nd5. Black may have looked no further than to see that he
threatens . . . Nxf4 and that after Qd2 he can continue  Nac7.} 21. Qe2 
Rxd4 22. exd4 Nd5 23. Qd2 Nac7 D {Black was certain of his compensation 
because the f4-pawn will fall, after
. . . Ne6 or . . . Qh5-h4. He could also see that neither of White's rooks
was as
good as Black's d5-knight. (In fact, White tried to give material back 
immediately with} 24. Rfe1 Re8 ( 24. ... Rd8!? 25. Kh1 Ne6 26. f3 e3 27. 
Rxe3 Nxe3 28. Qxe3 ) 25. Re3!? {which Black ignored with} 25. ... Nxf4 26.
 Bf1 Qf6 27. Bc4+ Kf8 28. Kh1 Ncd5 29. Bxd5 Nxd5 30. Rh3 h6 31. Rg1 f4 32.
 Qd1 f3 33. Rhg3 g5 34. Qd2 Nf4 35. Re1 a6 36. Re3 Qf5 37. Qc2 g4 38. Rg1 
Nd5 39. Ree1 h5 40. Rgf1 h4 41. Kg1 Re6 0-1

[Event "Moscow"]
[Site "Moscow RUS"]
[Date "1975.??.??"]
[Round "?"]
[White "Vaganian, Rafael A"]
[Black "Spassky, Boris V"]
[Result "0-1"]
[WhiteElo "2530"]
[BlackElo "2625"]
[EventDate "1975.10.14"]
[Annotator "ChessBase"]
[EventType "tourn"]
[EventRounds "15"]
[EventCountry "URS"]
[EventCategory "12"]
[Source "ChessBase"]
[SourceDate "1999.07.01"]

1. Nf3 Nf6 2. c4 e6 3. Nc3 d5 4. d4 Be7 5. Bg5 O-O 6. e3 h6 7. Bh4 b6 8. 
Be2 Bb7 9. Bxf6 Bxf6 10. cxd5 exd5 11. Qb3 c6 12. O-O Re8 13. Rad1 Nd7 14.
 Ne1?! ( 14. Bd3 âŒ“ ) 14. ... Nf8 15. Nd3 Ne6 16. Rfe1 Qd6 17. Bf1 D {Is 
a sacrifice on d4 sound?

-------


Black improved his piece coordination with} 17. ... Re7 ( 17. ... Nxd4?! 
18. exd4 Bxd4 19. Rxe8+ Rxe8 20. Qa4 +/- ) ( 17. ... Bxd4?! 18. exd4 Nxd4 
+/- ) 18. g3? ( 18. Be2 âŒ“ ) 18. ... Bxd4! 19. exd4 Nxd4 20. Qa4 Nf3+ 21.
 Kh1 Nxe1 {into a very favorable sacrifice. Black's central pawns tip the
positional balance in his favor after} 22. Nxe1 d4 -/+ 23. Ng2 c5 24. Kg1 
Rae8 25. Nb1 ( 25. Bb5!? ) 25. ... a6 26. Nd2 b5 27. Qa3 Qd5 28. b3 Re1 
29. Rxe1 Rxe1 30. f3 Rd1 31. Qb2 Qg5 32. Nf4 ( 32. Ne4 Bxe4 33. fxe4 Rd2 
34. Qb1 Qh5 -/+ ) 32. ... Qe5 33. Ne4 f5 34. Nf2 Qe3 35. Ng2 Rd2 36. Nxe3 
Rxb2 37. Nxf5 Rxa2 -+ 38. Nd3 Rc2 39. b4 cxb4 40. Nxb4 Rd2 41. Nd3 Bxf3 
42. Nxd4 Bd5 43. Nf5 Be4 44. Ne7+ Kf7 45. Nc5 Kxe7 46. Nxe4 Rb2 47. Nc3 
0-1

[Event "Zuerich Open 25th"]
[Site "Zurich SUI"]
[Date "2001.12.28"]
[Round "4"]
[White "Glek, Igor"]
[Black "Mikhalchishin, Adrian"]
[Result "1-0"]
[WhiteElo "2590"]
[BlackElo "2533"]
[EventDate "2001.12.26"]
[Annotator "Glek"]
[PlyCount "41"]
[EventType "swiss"]
[EventRounds "7"]
[EventCountry "SUI"]
[Source "ChessBase"]
[SourceDate "2002.11.25"]

1. e4 e5 2. Nf3 Nf6 3. d4 Nxe4 4. dxe5 d5 5. Nbd2 Bf5 6. Nxe4 Bxe4 7. Bd3 
Nc6 8. O-O Be7 ( 8. ... Bxd3 9. Qxd3 Qd7 10. Bf4 Be7 11. Rad1 O-O-O 12. a3
h6 13. Rfe1 g5 14. Bc1 Qe6 15. b4 g4 16. Nd4 Nxd4 17. Qxd4 Kb8 18. Be3 b6 
19. a4 c5 20. bxc5 bxc5 21. Qd3 Ka8 22. c4 +- {Volokitin,A-Sakaev,K/Moscow
RUS 2001FIDE-WM} ) 9. Re1 Bxd3 10. Qxd3 Qd7 11. Bf4 O-O-O 12. a3 Qg4 13. 
Bd2 f6 14. Bc3 d4?! D {Evaluate and compare 15 Bb4 and Re4. Which is 
better?

---------------

} ( 14. ... fxe5 15. Nxe5 Nxe5 16. Bxe5 += ) 15. Bb4! {which gave him a 
strong attack after} ( 15. Re4?! {allows Black to make a promising 
sacrifice} 15. ... dxc3 16. Rxg4 Rxd3 17. cxd3 cxb2 18. Rb1 =+ Bxa3 19. 
exf6 gxf6 20. Ra4 Bb4 21. Rxb2 ( 21. Nd4? Re8 22. Nxc6?? ( 22. Nc2 -/+ Bc3
23. Ra3 Bd2 24. Ne3 -/+ ) 22. ... Re1+ 23. Rxe1 Bxe1 -+ ) 21. ... a5 ~ ) 
15. ... Bxb4 ( 15. ... Rhe8 âŒ“ 16. Bxe7 Rxe7 17. exf6 gxf6 18. Rxe7 Nxe7 
19. Re1 Ng6 20. h3 Qd7 21. b4 += ( 21. Re4 += ) ) 16. axb4 Nxb4 17. Qc4 {
Black was in trouble after} 17. ... Nc6 18. b4! D {White threatens 5 b5 
N-moves 6 Rxa7, with a quick win. Black didn't like
4 . . . a6 in view of the line-opening 5 b5 axb5 6 Qxb5 or simply 5 Rxa6 !
, which is complicated but works. The game ended with} 18. ... Kb8 ( 
18. ... fxe5 19. b5 ( 19. h3 Qg6 ) 19. ... e4 20. h3 Qg6 21. Nh4 Ne5 22. 
Nxg6 Nxc4 23. Nxh8 Rxh8 24. Rxa7 +- ( 24. Rxe4 +- ) ) ( 18. ... a6 19. 
Rxa6! ( 19. b5 axb5 20. Ra8+ Nb8 21. Qxb5 Rhe8 22. Ra7 b6 23. Qc4 Qd7 24. 
e6 Qc6 25. Qd3 ) 19. ... bxa6 20. Qxc6 ( 20. Qxa6+ Kd7 21. e6+ Ke7 ( 
21. ... Kd6 22. b5 ) 22. Qxc6 Qf4 23. g3 Qd6 24. Nxd4 g6 25. Qb7 Rde8 26. 
Nb5 Qb6 27. Qxc7+ Qxc7 28. Nxc7 Rc8 29. Nd5+ Kd6 30. Nxf6 Ke7 31. Nd5+ Kd6
32. Nf4 Rxc2 33. Rd1+ Kc6 34. e7 Re8 35. Nd5 Re2 36. b5+ Kc5 37. f4 ) 
20. ... Rhe8 21. e6 Kb8 22. b5 a5 23. b6 ) 19. b5! Nxe5 20. Nxe5 fxe5 21. 
Rxa7! ( 21. Rxa7 Qg6 ( 21. ... Kxa7 22. Qxc7! ) 22. Rea1 Kc8 23. b6 Qxb6 (
23. ... Kd7 24. Rxb7 Rc8 25. Rxc7+ Rxc7 26. Qxc7+ Ke6 27. b7 Qe8 28. Ra8 
+- ) 24. Qf7 ) 1-0

[Event "Amsterdam m2"]
[Site "Amsterdam NED"]
[Date "1926.??.??"]
[Round "5"]
[White "Alekhine, Alexander"]
[Black "Euwe, Max"]
[Result "1/2-1/2"]
[WhiteElo "2675"]
[BlackElo "2518"]
[EventDate "1926.??.??"]
[PlyCount "97"]
[EventType "match"]
[EventRounds "10"]
[EventCountry "NED"]
[Source "ChessBase"]
[SourceDate "1999.11.16"]
[WhiteTeamCountry "HUN"]
[BlackTeamCountry "AUT"]

1. d4 d5 2. c4 c6 3. Nf3 Nf6 4. e3 e6 5. Bd3 Ne4 6. Nbd2 f5 7. Ne5 Qh4 8. 
O-O Bd6 9. f4 O-O 10. Ndf3 Qh6 11. Bd2 Nd7 12. Be1 Ndf6 13. Qe2 Bd7 14. 
Nxd7 Nxd7 15. c5 Bc7 16. b4 Ndf6 17. Ne5 Bxe5 18. dxe5 Nd7 19. g4 Qg6 20. 
Bxe4 fxe4 21. Rc1 a6 22. Bg3 Qe8 23. Rf2 Qe7 24. Qb2 g6 25. a4 Rf7 26. Qd4
Nf8 27. Rcf1 Re8 28. Rc2 Ra8 29. Qd2 Nd7 30. Qd4 Raf8 31. a5 h5 32. h3 Rg7
33. Rcf2 Rff7 34. Rg2 Nf8 35. Qd1 hxg4 36. hxg4 Kh8 D {What happens if 
White plays 37 Bh4 ? Who is better if both sides find the
best moves?} 37. Bh4 {Since Bh4 'if-moves 2 Bf6 wins the Exchange, the 
only question is whether Black has compensation in that line or after the 
alternative, the queen sacrifice Qxh4 2 Rh2.
It doesn't take long to determine that Black gets no positional plusses if
he
surrenders the Exchange. But his rooks are able to seize the initiative 
after} 37. ... Qxh4! 38. Rh2 Rh7 39. Rxh4 Rxh4 {The rooks can make 
progress with . . . Rfh7, . . . Rh3 and . . . R7h4. But even if
they couldn't do anything offensive and were limited to maintaining 
control of the h-file, Black would have more than enough comp.
In the game White correctly tried to complicate after} 40. Qe2 Rfh7 41. 
Qg2 Rh3! = 42. f5! gxf5 43. gxf5 Rg7 44. fxe6 Nxe6 45. Rf6 Rhg3 46. Qxg3 
Rxg3+ 47. Kh2 Rxe3 48. Rxe6 d4 49. Rg6 1/2-1/2